[Event "Tatry Open 2012"]
[Site "Tatranske Zruby SVK"]
[Date "2012.09.25"]
[Round "4.6"]
[White "Pinter,E"]
[Black "Taborsky,R"]
[Result "1-0"]
[WhiteElo "2379"]
[BlackElo "2254"]

1.e4 c5 2.Nf3 d6 3.d4 cxd4 4.Nxd4 Nf6 5.Nc3 a6 6.Be3 Ng4 7.Bc1 Nf6 8.f3 e5
9.Nb3 Be6 10.Be3 Be7 11.Qd2 h5 12.O-O-O Nbd7 13.Kb1 Qc7 14.f4 Rc8 15.g3 Kf8
16.f5 Bc4 17.Bxc4 Qxc4 18.Qg2 b5 19.Rc1 b4 20.Nd2 Qc6 21.Nd5 Nxd5 22.exd5 Qb5
23.Rhd1 Nf6 24.Nf1 Ke8 25.h3 Rc4 26.Nd2 Rc7 27.Ne4 Kd7 28.Nxf6+ Bxf6 29.g4 hxg4
30.hxg4 Rc3 31.g5 Bd8 32.Re1 Rh5 33.Qg4 Rh8 34.f6+ Kc7 35.fxg7 Rg8 36.Qh5 Rxg7
37.Qh6 Rg8 38.Qh7 Rf8 39.g6 Rxe3 40.Rxe3 Bg5 41.Rf3 Bxc1 42.g7  1-0

[Event "Tatry Open 2012"]
[Site "Tatranske Zruby SVK"]
[Date "2012.09.25"]
[Round "4.32"]
[White "Harvan,R"]
[Black "Vesely,T"]
[Result "0-1"]
[WhiteElo "2030"]
[BlackElo "2140"]

1.e4 c5 2.Nf3 d6 3.d4 cxd4 4.Nxd4 Nf6 5.Nc3 a6 6.f3 e5 7.Nb3 Be6 8.Bg5 Be7
9.Bxf6 Bxf6 10.Nd5 Bg5 11.Bc4 Nc6 12.O-O O-O 13.a4 Rc8 14.Qe2 Bxd5 15.Bxd5 Nb4
16.Rf2 Rxc2 17.Qxc2 Nxc2 18.Rxc2 h5 19.a5 Qd7 20.Rc4 Rc8 21.Raa4 Be3+ 22.Kf1 Rxc4
23.Rxc4 Qb5 24.Ke2 Bc5 25.Nxc5 dxc5 26.Kf2 Qxb2+ 27.Kg3 b6 28.h3 Qb5 29.axb6 Qxb6
30.Rc3 a5 31.Rb3 Qf6 32.Rb8+ Kh7 33.Ra8 h4+ 34.Kf2 Qf4 35.Rf8 Qd2+ 36.Kg1 c4
37.Bxf7 c3 38.Bg8+ Kh6 39.Rf5 c2 40.Bf7 c1=Q+ 41.Kh2 Qf4+  0-1

[Event "30th Balaton GM"]
[Site "Heviz HUN"]
[Date "2012.09.28"]
[Round "6.3"]
[White "Horvath,Ad1"]
[Black "Hoelzl,F"]
[Result "1-0"]
[WhiteElo "2495"]
[BlackElo "2321"]

1.e4 c5 2.Nf3 d6 3.d4 cxd4 4.Nxd4 Nf6 5.Nc3 a6 6.Be3 Ng4 7.Bc1 Nf6 8.f3 Qb6
9.Nb3 Be6 10.Qe2 Bxb3 11.axb3 Nc6 12.Ra4 e6 13.Be3 Qd8 14.Qf2 Nd7 15.Be2 b5
16.Ra1 Nb4 17.Rc1 Be7 18.O-O O-O 19.Nb1 Bf6 20.c3 Nc6 21.Rfd1 Qb8 22.b4 Re8
23.Nd2 Bd8 24.Nb3 Bc7 25.f4 Nb6 26.Nd4 Nxd4 27.Bxd4 e5 28.fxe5 dxe5 29.Be3 Na4
30.Rd7  1-0

[Event "3rd Copa Latino-Americana"]
[Site "Cali COL"]
[Date "2012.10.06"]
[Round "4.12"]
[White "Ardila,Oscar Humberto"]
[Black "Leiva,G"]
[Result "0-1"]
[WhiteElo "2073"]
[BlackElo "2321"]

1.e4 c5 2.Nf3 d6 3.d4 cxd4 4.Nxd4 Nf6 5.Nc3 a6 6.f3 e5 7.Nb3 Be6 8.Bg5 Nbd7
9.Qd2 h6 10.Be3 Be7 11.O-O-O b5 12.Kb1 b4 13.Na4 a5 14.Bb5 O-O 15.Bc6 Rc8
16.Bb7 Rb8 17.Bc6 Qc7 18.Bd5 Nxd5 19.exd5 Bf5 20.g4 Bh7 21.h4 Rfc8 22.Rc1 Rb5
23.g5 h5 24.Rhf1 Qc4 25.Rfd1 Bd8 26.Bf2 Rb7 27.Na1 b3 28.axb3 Rxb3 29.Nxb3 Qxb3
30.Re1 Qxa4 31.Re3 Rb8 32.Qc3 Bb6 33.Qc6 Qxc6 34.dxc6 Bxe3 35.Bxe3 Nf8 36.Rd1 Ne6
37.Rxd6 Kf8  0-1

[Event "7th Americas Continental 2012"]
[Site "Mar del Plata ARG"]
[Date "2012.10.12"]
[Round "1.18"]
[White "Lo Presti,R"]
[Black "Perez Ponsa,F"]
[Result "0-1"]
[WhiteElo "2065"]
[BlackElo "2489"]

1.e4 c5 2.Nf3 d6 3.d4 cxd4 4.Nxd4 Nf6 5.Nc3 a6 6.f3 e5 7.Nb3 Be6 8.Be3 Nbd7
9.Qd2 Rc8 10.g4 Nb6 11.g5 Nh5 12.O-O-O Be7 13.Rg1 O-O 14.Nd5 Nxd5 15.exd5 Bf5
16.Bd3 Qd7 17.Kb1 Bd8 18.Nc1 g6 19.Ne2 f6 20.gxf6 Bxf6 21.Bg5 Bg7 22.Ng3 Nxg3
23.Rxg3 Qc7 24.h4 Bxd3 25.Qxd3 Qb6 26.Be3 Qb4 27.c3 Qxh4 28.Rdg1 Qc4 29.Qd2 Rxf3
30.Rg4 e4  0-1

[Event "7th Americas Continental 2012"]
[Site "Mar del Plata ARG"]
[Date "2012.10.12"]
[Round "1.34"]
[White "Palmiotto,Marco Ivan"]
[Black "Fusco,L"]
[Result "0-1"]
[WhiteElo "1985"]
[BlackElo "2379"]

1.e4 c5 2.Nf3 d6 3.d4 cxd4 4.Nxd4 Nf6 5.Nc3 a6 6.f3 e5 7.Nb3 Be6 8.Nd5 Nxd5
9.exd5 Bf5 10.Be3 Be7 11.Qd2 Nd7 12.O-O-O O-O 13.g4 Bg6 14.Bd3 Bxd3 15.Qxd3 Bg5
16.h4 Bxe3+ 17.Qxe3 Rc8 18.Kb1 Nb6 19.g5 Nc4 20.Qf2 Qd7 21.Nd2 f6 22.Nxc4 Rxc4
23.Qe2 Rf4 24.g6 hxg6 25.h5 g5 26.Qd3 Qf5 27.Qb3 Rf7 28.Qb6 Rd7 29.Qa7 Rxf3
30.Qb8+ Kh7 31.a3 Rf2 32.Rc1 g4 33.Ka2 g3 34.Qe8 g2 35.Rhg1 Rc7 36.c4 b5
37.c5 Rxc5 38.Rxc5 dxc5 39.d6 Rf1 40.Qg6+ Qxg6 41.hxg6+ Kxg6 42.d7 Rxg1 43.d8=Q Ra1+
44.Kxa1 g1=Q+ 45.Ka2 Qd4 46.Qc8 Qc4+ 47.Kb1 a5 48.Qa8 Qf1+ 49.Ka2 a4 50.Qe4+ Kg5
51.Qe3+  0-1

[Event "7th Americas Continental 2012"]
[Site "Mar del Plata ARG"]
[Date "2012.10.13"]
[Round "2.63"]
[White "Bilbao,G"]
[Black "Mackeprang,L"]
[Result "0-1"]
[WhiteElo "1890"]
[BlackElo "2145"]

1.e4 c5 2.Nf3 d6 3.d4 cxd4 4.Nxd4 Nf6 5.Nc3 a6 6.f3 e6 7.Bg5 Be7 8.Qd2 Qc7
9.O-O-O Nbd7 10.g4 b5 11.Bxf6 Nxf6 12.g5 Nd7 13.Bh3 b4 14.Nce2 Nc5 15.Kb1 Rb8
16.Nb3 O-O 17.Ng3 Rd8 18.Qe3 Bb7 19.Nxc5 Qxc5 20.Qxc5 dxc5 21.f4 Bd6 22.Rdf1 Bc7
23.Rf2 c4 24.Kc1 Rd4 25.Rd1 Rbd8 26.Rxd4 Rxd4 27.Bg2 c3 28.b3 Rd2 29.Rxd2 Bxf4
30.Kd1 Bxd2 31.h4 h6 32.gxh6 gxh6 33.Ke2 a5 34.Kd3 Be1 35.Nf1 Ba6+ 36.Kd4 Bf2+
37.Ke5 Bd3  0-1

[Event "4th Marcel Duchamp Open"]
[Site "Buenos Aires ARG"]
[Date "2012.10.27"]
[Round "5.30"]
[White "Alonso,Sergio"]
[Black "Porta Campos,Nicolas"]
[Result "0-1"]
[WhiteElo "1507"]
[BlackElo "1819"]

1.e4 c5 2.Nf3 d6 3.d4 cxd4 4.Nxd4 Nf6 5.Nc3 a6 6.f3 e5 7.Nb3 Be6 8.Be3 h5
9.Qd2 Nbd7 10.O-O-O Be7 11.Qf2 b5 12.Be2 Qc7 13.Kb1 Rc8 14.Rd2 Bc4 15.Nd5 Nxd5
16.exd5 a5 17.Nc1 a4 18.b3 Bxe2 19.Qxe2 a3 20.c4 bxc4 21.Rc2 c3 22.Qd3 O-O
23.g4 hxg4 24.fxg4 Qb7 25.Rd1 Qb4 26.Qf5 Nf6 27.h3 Qe4 28.Qxe4 Nxe4 29.Ne2 f5
30.Bc1 f4 31.Ng1 f3 32.Rf1 f2 33.Ne2 Rf3 34.Bxa3 Nd2+  0-1

[Event "Chigorin Memorial"]
[Site "St Petersburg RUS"]
[Date "2012.10.27"]
[Round "1.150"]
[White "Tarakanova,Valeria"]
[Black "Papp,Petra"]
[Result "0-1"]
[WhiteElo "1778"]
[BlackElo "2298"]

1.e4 c5 2.Nf3 d6 3.d4 cxd4 4.Nxd4 Nf6 5.Nc3 a6 6.f3 e5 7.Nb3 Be7 8.Be3 Be6
9.Qd2 O-O 10.g4 d5 11.exd5 Nxd5 12.Rd1 Nxe3 13.Qxe3 Bh4+ 14.Ke2 Bc4+ 15.Rd3 Bxd3+
16.cxd3 Nc6 17.Bg2 Nd4+ 18.Nxd4 exd4  0-1

[Event "Chigorin Memorial"]
[Site "St Petersburg RUS"]
[Date "2012.11.01"]
[Round "6.29"]
[White "Shomoev,A"]
[Black "Bodnaruk,A"]
[Result "1/2-1/2"]
[WhiteElo "2571"]
[BlackElo "2425"]

1.e4 c5 2.Nf3 d6 3.d4 cxd4 4.Nxd4 Nf6 5.Nc3 a6 6.f3 e5 7.Nb3 Be6 8.Be3 Nbd7
9.Qd2 b5 10.O-O-O Be7 11.g4 b4 12.Nd5 Bxd5 13.exd5 Nb6 14.Na5 Nbxd5 15.Nc4 Nxe3
16.Nxe3 O-O 17.h4 a5 18.Kb1 Rc8 19.Bd3 Rc5 20.Nf5 Nd5 21.Rhe1 Kh8 22.Bc4 Nc3+
23.bxc3 Rxc4 24.Nxe7 Qxe7 25.Qxd6 Qxd6 26.Rxd6 Rxc3 27.Rxe5 Rxf3 28.Rxa5 Rf4
29.Rf5 Rxg4 30.Rxf7 Kg8 31.Rxf8+ Kxf8 32.h5 Rg5 33.h6 gxh6 34.Rxh6 Kg7 35.Rh4 Rb5
36.Kb2 h5 37.a4 bxa3+ 38.Kxa3 Kg6 39.c4 Rb8 40.c5 Kg5 41.Rh1 h4 42.Ka4 Kg4
43.c6 h3 44.Ka5 Kg3 45.c7 Rc8 46.Kb6 Kg2 47.Rxh3 Kxh3 48.Kb7 Rxc7+ 49.Kxc7  1/2-1/2

[Event "Chigorin Memorial"]
[Site "St Petersburg RUS"]
[Date "2012.11.01"]
[Round "6.143"]
[White "Korchagina,V"]
[Black "Chernov,Maksim"]
[Result "0-1"]
[WhiteElo "2071"]
[BlackElo "1895"]

1.e4 c5 2.Nf3 d6 3.d4 cxd4 4.Nxd4 Nf6 5.Nc3 a6 6.f3 e5 7.Nb3 Be7 8.Be3 Be6
9.Qd2 h5 10.O-O-O Nbd7 11.Be2 Qc7 12.Bg5 Bc4 13.Bxc4 Qxc4 14.f4 O-O-O 15.Rhe1 Qc7
16.Kb1 Kb8 17.fxe5 dxe5 18.Nd5 Nxd5 19.exd5 Bxg5 20.Qxg5 g6 21.d6 Qc4 22.Nd2 Qe6
23.Ne4 f5 24.Qe7 Rhe8 25.Qxe6 Rxe6 26.Ng5 Rf6 27.c4 Rc8 28.Nh7 Re6 29.Ng5 Rf6
30.Nh7 Re6 31.Ng5 Ree8 32.b3 Rc6 33.Nf7 Kc8 34.Rd5 e4 35.Ng5 Nf6 36.Rd4 Kd7
37.Nf7 Ng4 38.Rd5 Rf8 39.h3 Rxf7 40.hxg4 hxg4 41.c5 Rc8 42.Re5 Re8 43.Rxe8 Kxe8
44.Kc1 Kd7 45.Kd2 Kc6 46.b4 b6 47.Rc1 f4 48.Ke2 bxc5 49.bxc5 e3 50.Kd3 Rf6
51.Rd1 Re6 52.Ke2 Re8 53.Rc1 Rf8 54.Kd3 Rf5 55.a4 Rd5+ 56.Ke4 g5 57.a5 e2
58.Rb1 Rd1 59.Rb6+ Kxc5  0-1

[Event "US Chess League 2012"]
[Site "ICC INT"]
[Date "2012.11.02"]
[Round "9"]
[White "Romanenko,Vl"]
[Black "Huschenbeth,N"]
[Result "1/2-1/2"]
[WhiteElo "2486"]
[BlackElo "2536"]

1.e4 c5 2.Nf3 d6 3.d4 cxd4 4.Nxd4 Nf6 5.Nc3 a6 6.f3 e5 7.Nb3 Be6 8.Be3 Be7
9.Qd2 O-O 10.O-O-O Nbd7 11.g4 b5 12.g5 b4 13.Ne2 Ne8 14.f4 a5 15.f5 Bxb3
16.cxb3 a4 17.f6 axb3 18.fxe7 bxa2 19.exd8=Q a1=Q+ 20.Kc2 Qa4+ 21.b3 Qa2+
22.Kc1 Qa1+ 23.Kc2 Qa2+ 24.Kc1 Qa1+ 25.Kc2 Qa2+ 26.Kc1 Qa1+ 27.Kc2 Qa2+ 28.Kc1 Qa1+
29.Kc2 Qa2+ 30.Kc1  1/2-1/2

[Event "Chigorin Memorial"]
[Site "St Petersburg RUS"]
[Date "2012.11.03"]
[Round "8.171"]
[White "Rybakova,Polina"]
[Black "Gantsevich,Dmitry"]
[Result "1-0"]
[WhiteElo "1787"]
[BlackElo "1546"]

1.e4 c5 2.Nf3 d6 3.d4 cxd4 4.Nxd4 Nf6 5.Nc3 a6 6.f3 e6 7.Be3 Be7 8.Qd2 b5
9.g4 h6 10.Rg1 g5 11.O-O-O Bb7 12.a3 Nbd7 13.Nb3 Ne5 14.Qf2 Nfd7 15.Bd4 Rg8
16.Qg3 Nc6 17.Be3 b4 18.axb4 Nxb4 19.Kb1 a5 20.Nb5 Ne5 21.Qf2 Kf8 22.Bb6 Qc8
23.Nxd6 Qb8 24.Nb5 a4 25.Na5 Qc8 26.Nd6 Qb8 27.Ndxb7 Rxa5 28.Nxa5 Nxf3 29.Bg2 Ne5
30.c3 Nbc6 31.Nxc6 Nxc6 32.Bc5 a3 33.Bxe7+ Nxe7 34.Qd4 Nc6 35.Qd6+ Qxd6 36.Rxd6 Ne5
37.Rd8+ Kg7 38.Rxg8+  1-0

[Event "Subzonal 2.3 2012"]
[Site "Pamplona COL"]
[Date "2012.11.05"]
[Round "1.32"]
[White "Cuevas Sanchez,Bramdon Daniel"]
[Black "Pardo,Alejandro"]
[Result "0-1"]
[WhiteElo "1798"]
[BlackElo "2197"]

1.e4 c5 2.Nf3 d6 3.d4 cxd4 4.Nxd4 Nf6 5.Nc3 a6 6.f3 e6 7.Be3 b5 8.g4 Bb7
9.g5 Nfd7 10.Qd2 Nb6 11.O-O-O N8d7 12.Nb3 Rc8 13.h4 b4 14.Nb1 Nc4 15.Bxc4 Rxc4
16.Qd3 Ne5 17.Qe2 Qc7 18.Rd4 Be7 19.Rf1 O-O 20.Rxc4 Nxc4 21.Bd4 e5 22.Be3 Rc8
23.Bg1 a5 24.Qd3 a4 25.Na1 a3 26.b3 Nb2 27.Qd2 Ba6 28.Rf2 Nd3+  0-1

[Event "Subzonal 2.3 2012"]
[Site "Pamplona COL"]
[Date "2012.11.06"]
[Round "3.34"]
[White "Cuevas Sanchez,Bramdon Daniel"]
[Black "Galvis,Carlos Alberto"]
[Result "0-1"]
[WhiteElo "1798"]
[BlackElo "1970"]

1.e4 c5 2.Nf3 d6 3.d4 cxd4 4.Nxd4 Nf6 5.Nc3 a6 6.f3 e5 7.Nb3 Be6 8.Be3 Be7
9.Qd2 Nbd7 10.O-O-O h5 11.Nd5 Bxd5 12.exd5 Nb6 13.Bxb6 Qxb6 14.Kb1 O-O-O
15.Bd3 g6 16.Be4 Rd7 17.Rhe1 Kb8 18.f4 Rc8 19.Bf3 exf4 20.Qxf4 Bd8 21.Re2 Rdc7
22.Rc1 Rc4 23.Qd2 Nd7 24.Rce1 Ne5 25.Be4 Bf6 26.Bd3 Ra4 27.Rf2 Bg5 28.Qe2 f5
29.Rd1 Ng4 30.Rff1 Ne3 31.Rde1 Nxf1 32.Rxf1 Qe3 33.Qd1 Re8 34.Nd2 Qxd2  0-1

[Event "FSGM Nov 2012"]
[Site "Budapest HUN"]
[Date "2012.11.07"]
[Round "5.1"]
[White "Varga,Zo"]
[Black "Hagen,Andr"]
[Result "1/2-1/2"]
[WhiteElo "2456"]
[BlackElo "2418"]

1.e4 c5 2.Nf3 d6 3.d4 cxd4 4.Nxd4 Nf6 5.Nc3 a6 6.f3 e6 7.Be3 b5 8.Qd2 b4
9.Nd1 e5 10.Nb3 Nc6 11.c4 Be7 12.Be2 O-O 13.Nf2 Be6 14.O-O Nd7 15.f4 exf4
16.Bxf4 Nde5 17.Rac1 a5 18.Rfd1 a4 19.Nd4 Nxd4 20.Qxd4 Qa5 21.Qd2 Rfd8 22.Be3 Bf6
23.h3 Rac8 24.b3 Nc6 25.Bg4 Bc3 26.Qe2 axb3 27.axb3 Qe5 28.Bxe6 fxe6 29.Qg4 Rf8
30.Nd3 Qf6 31.Nf4 Bd4 32.Bxd4 Nxd4 33.Nh5 Qe5 34.Rd3 Rf7 35.Rcd1 Rcf8 36.Ng3 Rf4
37.Qh5 g6 38.Qh6 Rf2 39.Qe3 Qxg3 40.Qxg3 Ne2+ 41.Kh2 Nxg3 42.Rxg3 Rd8 43.Rgd3 Rb2
44.c5 d5 45.c6 Rc2 46.exd5 exd5 47.Rxd5 Rxd5 48.Rxd5 Rxc6 49.Rb5 Rc3 50.Rxb4 Kg7
51.Kg1 Kh6 52.Rb5 g5 53.Kf2 Kh5 54.Rb6 Rc2+ 55.Kg3 h6 56.Kf3 Rc3+ 57.Kf2 Rc2+
58.Kg3 Rc3+ 59.Kh2 g4 60.Rb5+ Kg6 61.hxg4 Rd3 62.g3 Rd2+ 63.Kh3 Re2 64.Rd5 Rb2
65.Rb5 Rd2 66.b4 Re2 67.Rc5 Rb2 68.b5 Rd2 69.Rc6+ Kg5 70.Re6 Rb2 71.Re5+ Kf6
72.Rf5+ Kg6 73.Rc5 Rd2 74.Rc6+ Kg5 75.Rc8 Rb2 76.Rb8 Kg6 77.b6 Kf6 78.g5+ hxg5
79.Kg4 Kg6 80.Kf3 Rb3+ 81.Ke4 Kh5 82.Kf5 Rb5+ 83.Ke6 Kg4 84.Kd6  1/2-1/2

[Event "WY BU14 2012"]
[Site "Maribor SLO"]
[Date "2012.11.09"]
[Round "2.36"]
[White "Majed Ali,Abdouli"]
[Black "Xu,Minghui"]
[Result "0-1"]
[WhiteElo "1630"]
[BlackElo "2112"]

1.e4 c5 2.Nf3 d6 3.d4 cxd4 4.Nxd4 Nf6 5.Nc3 a6 6.f3 e5 7.Nb3 Be6 8.Bg5 Be7
9.Bxf6 Bxf6 10.Nd5 Bg5 11.Be2 O-O 12.O-O Nc6 13.a3 Ne7 14.Bc4 Kh8 15.Re1 b5
16.Nxe7 bxc4 17.Nc6 Qb6+ 18.Nbd4 exd4 19.Nxd4 Bf6 20.c3 Qxb2 21.Nxe6 fxe6
22.Qxd6 Bxc3 23.Red1 Qxa1 24.Rxa1 Bxa1  0-1

[Event "Subzonal 2.3 2012"]
[Site "Pamplona COL"]
[Date "2012.11.09"]
[Round "9.1"]
[White "Mosquera,M"]
[Black "Rios,Cr"]
[Result "1/2-1/2"]
[WhiteElo "2375"]
[BlackElo "2351"]

1.e4 c5 2.Nf3 d6 3.d4 cxd4 4.Nxd4 Nf6 5.Nc3 a6 6.f3 e6 7.Be3 b5 8.Qd2 b4
9.Na4 Nbd7 10.c4 bxc3 11.Nxc3 Bb7 12.Be2 d5 13.exd5 Nxd5 14.Nxd5 Bxd5 15.Rc1 Qb8
16.a3 Bd6 17.Nf5 Be5 18.f4 Bf6 19.Rc8+ Qxc8 20.Nd6+ Ke7 21.Nxc8+ Rhxc8 22.O-O Rab8
23.b4 Rc3 24.Rc1 Rxa3 25.Bd4 Rb3 26.Bxf6+  1/2-1/2

[Event "WY BU14 2012"]
[Site "Maribor SLO"]
[Date "2012.11.14"]
[Round "7.34"]
[White "Fitzgerald,Robert C"]
[Black "Grinberg,E"]
[Result "0-1"]
[WhiteElo "1734"]
[BlackElo "2047"]

1.e4 c5 2.Nf3 d6 3.d4 cxd4 4.Nxd4 Nf6 5.Nc3 a6 6.f3 e5 7.Nb3 Be6 8.Be3 h5
9.Nd5 Bxd5 10.exd5 Nbd7 11.c4 g6 12.Bd3 Bh6 13.Bxh6 Rxh6 14.O-O Kf8 15.Kh1 Kg7
16.Nd2 h4 17.Ne4 Nh5 18.Qc1 Qb6 19.Qc2 Ng3+ 20.Nxg3 hxg3 21.h3 Rah8 22.Qc1 Qd4
23.Qc2 Rxh3+ 24.gxh3 Rxh3+ 25.Kg2 Rh2+  0-1

[Event "VIII Governor's Cup B"]
[Site "Khanty-Mansiysk RUS"]
[Date "2012.11.16"]
[Round "2"]
[White "Postnikov,D"]
[Black "Pogromsky,M"]
[Result "1/2-1/2"]
[WhiteElo "2156"]
[BlackElo "2415"]

1.e4 c5 2.Nf3 d6 3.d4 cxd4 4.Nxd4 Nf6 5.Nc3 a6 6.f3 e6 7.Be3 b5 8.Qd2 Nbd7
9.g4 h6 10.h4 b4 11.Nce2 d5 12.exd5 Nxd5 13.O-O-O Qa5 14.Kb1 Bb7 15.Bf2 Rc8
16.Nf4 Nxf4 17.Qxf4 Be7 18.Qe3 Nf6 19.Nb3 Qc7 20.Bd3 Nd5 21.Qe1 a5 22.Nd4 Nf4
23.Nb5 Qc6 24.Nd4 Nxd3 25.Rxd3 Qa6 26.g5 Bd5 27.Qe5 O-O 28.Nf5 exf5 29.Rxd5 Rfe8
30.Qxf5 Qe2 31.Bb6 Bc5 32.Bxc5 Rxc5 33.c3 g6 34.Qd3 Qxd3+ 35.Rxd3 hxg5 36.hxg5 Rxg5  1/2-1/2

[Event "WY BU18 2012"]
[Site "Maribor SLO"]
[Date "2012.11.16"]
[Round "9.45"]
[White "Janzekovic,K"]
[Black "Alarcon Careaga,Gustavo"]
[Result "0-1"]
[WhiteElo "1905"]
[BlackElo "2072"]

1.e4 c5 2.Nf3 d6 3.d4 cxd4 4.Nxd4 Nf6 5.Nc3 a6 6.f3 e5 7.Nb3 Be6 8.Be3 Nbd7
9.Qd2 Be7 10.O-O-O b5 11.g4 Nb6 12.g5 Nfd7 13.Nd5 Bxd5 14.exd5 Rc8 15.Kb1 Qc7
16.f4 Na4 17.Bh3 exf4 18.Bxf4 O-O 19.Nd4 Ndb6 20.Bxc8 Nc4 21.Qb4 Ncxb2 22.Rde1 Rxc8
23.Nc6 Bf8 24.Re4 Qd7 25.Rhe1 Kh8 26.Bc1 Nb6 27.Qxb2 Nxd5 28.Nd4 Nc3+ 29.Ka1 Nxe4
30.Rxe4 d5 31.Rf4 Kg8 32.Nf5 Qc7 33.Kb1 Re8 34.Qd4 Re2 35.Qd3 Re1 36.Qd2 Qe5
37.Nd4 Ba3 38.Rf5 Bxc1 39.Rxe5 Bxd2+ 40.Rxe1 Bxe1 41.Kb2 f6 42.gxf6 gxf6
43.Ne6 Ba5 44.Nc5 Bc7 45.h3 a5 46.Kc3 Be5+ 47.Kd3 Kf7 48.Nb7 a4 49.Nd8+ Ke7
50.Nc6+ Kd6 51.Nb4 Kc5 52.Na6+ Kd6 53.Nb4 Bb2 54.c3 Ba3 55.Nc2 Bc5 56.Ne1 Ke5
57.Ng2 f5 58.Nh4 Kf4 59.Ke2 Bd6 60.Ng2+ Ke4  0-1

[Event "WY BU14 2012"]
[Site "Maribor SLO"]
[Date "2012.11.17"]
[Round "10.40"]
[White "Peczely,S"]
[Black "Taalaibekov,Tagir"]
[Result "0-1"]
[WhiteElo "2092"]
[BlackElo "1871"]

1.e4 c5 2.Nf3 d6 3.d4 cxd4 4.Nxd4 Nf6 5.Nc3 a6 6.f3 e6 7.Be3 Be7 8.Qd2 Nbd7
9.O-O-O Qc7 10.Kb1 b5 11.g4 O-O 12.h4 Bb7 13.g5 Nh5 14.Rg1 b4 15.Na4 d5 16.f4 Nc5
17.Nxc5 Bxc5 18.e5 Rac8 19.Rc1 Qb6 20.Qf2 g6 21.Bd3 a5 22.Rgf1 a4 23.Rce1 Ba6
24.Bxa6 Qxa6 25.Nf5 Bxe3 26.Nxe3 b3 27.cxb3 axb3 28.a3 Qd3+ 29.Ka1 d4 30.Ng4 Rc2
31.Qf3 Qc4 32.Qb7 Rxb2 33.Nh6+ Kg7 34.Qe4 Qc3  0-1

[Event "WY BU16 2012"]
[Site "Maribor SLO"]
[Date "2012.11.18"]
[Round "11.57"]
[White "Verhasselt,Karsten"]
[Black "Vesce,Emanuele"]
[Result "0-1"]
[WhiteElo "1837"]
[BlackElo "1880"]

1.e4 c5 2.Nf3 d6 3.d4 cxd4 4.Nxd4 Nf6 5.Nc3 a6 6.f3 e5 7.Nb3 Be6 8.Be3 Be7
9.Qd2 O-O 10.O-O-O Nbd7 11.g4 b5 12.Kb1 b4 13.Nd5 Bxd5 14.exd5 Nb6 15.Bf2 Nfxd5
16.Bd3 Nf4 17.Qxb4 Rb8 18.Qe4 g6 19.h4 Bf6 20.Qc6 a5 21.Nxa5 Nbd5 22.Nb3 Nb4
23.Qe4 d5 24.Qe3 Nfxd3 25.cxd3 Qe8 26.Rd2 Nxa2 27.Qa7 Ra8 28.Qb7 Qa4 29.Nc5 Nc3+
30.Kc1 Na2+ 31.Kb1 Nc3+ 32.Kc1 Qa1+ 33.Kc2 Qxh1 34.Kxc3 d4+ 35.Kc2 Rfc8 36.f4 Qxb7  0-1

[Event "Vietnam National Masters Men 2012"]
[Site "Ho Chi Minh City VIE"]
[Date "2012.11.30"]
[Round "3.8"]
[White "Nguyen Thanh Nghia"]
[Black "Doan Van Duc"]
[Result "1/2-1/2"]
[WhiteElo "2114"]
[BlackElo "2116"]

1.e4 c5 2.Nf3 d6 3.d4 cxd4 4.Nxd4 Nf6 5.Nc3 a6 6.f3 e5 7.Nb3 Be6 8.Be3 Be7
9.Qd2 O-O 10.O-O-O Qc7 11.g4 Rc8 12.Kb1 d5 13.exd5 Nxd5 14.Nxd5 Bxd5 15.Qf2 Qc6
16.Bg2 a5 17.Rd3 Bc4 18.f4 Qb5 19.Rd2 a4 20.Nc1 Bb4 21.Rdd1 Bc3 22.b3 Nc6
23.Bxc6 Rxc6 24.fxe5 Bxe5 25.Bd4 Bxd4 26.Qxd4 h6 27.Rhe1 Be6 28.Re5 Qb6 29.Qxb6 Rxb6
30.h3 Rc8 31.Ne2 axb3 32.axb3 Bxb3 33.cxb3 Rxb3+ 34.Ka2 Rxh3 35.Rg1 Rc2+
36.Kb1 Rd2 37.Nc1 Rhh2 38.Rb5 Rhg2 39.Rxg2 Rxg2 40.Rb4 g6 41.Nd3 h5 42.gxh5 gxh5
43.Kc1 Rg4 44.Rxb7 h4 45.Kd2 h3 46.Rb1  1/2-1/2

[Event "Frau Bundesliga Div1 2012-13"]
[Site "Germany GER"]
[Date "2012.12.01"]
[Round "3.3"]
[White "Fuchs,Ju"]
[Black "Nikolova,A"]
[Result "1-0"]
[WhiteElo "2292"]
[BlackElo "2290"]

1.e4 c5 2.Nf3 d6 3.d4 cxd4 4.Nxd4 Nf6 5.Nc3 a6 6.f3 e5 7.Nb3 Be7 8.Be3 Be6
9.Qd2 O-O 10.O-O-O Nbd7 11.g4 b5 12.g5 b4 13.Ne2 Ne8 14.f4 a5 15.f5 a4 16.Nbd4 exd4
17.Nxd4 Nc5 18.fxe6 fxe6 19.Nc6 Qc7 20.Nxe7+ Qxe7 21.Qxb4 Qa7 22.Bc4 Kh8
23.Bxe6 Nc7 24.Bc4 Rab8 25.Bxc5 dxc5 26.Qc3 Nb5 27.Bxb5 Rxb5 28.Rd5 Qc7 29.Qe5 Qf7
30.Rhd1 Rb7 31.Qf5 Qg8 32.Qxf8 Qxf8 33.Rd8 Kg8 34.Rxf8+ Kxf8 35.Rd5 Rb4 36.Re5 Rd4
37.c3 Rd3 38.Rxc5 Rh3 39.Rf5+ Ke7 40.Rf2 a3 41.Kc2 axb2 42.Kxb2 Re3 43.Kb3 Rxe4
44.Rg2 Kd6 45.a4 Kc5 46.Rg3 Re1 47.Rg4 Rb1+ 48.Kc2 Rb7 49.Kd3 Rd7+ 50.Rd4 Re7
51.Rc4+ Kb6 52.Rb4+ Kc5 53.h4 Re1 54.Rc4+ Kd6 55.Rf4 Ra1 56.Rg4 Kc5 57.g6 hxg6
58.Rg5+ Kd6 59.Rxg6+ Kc5 60.Rg5+ Kc6 61.a5 Ra4 62.h5 Kd6 63.Kc2 Ke6 64.Kb3 Ra1
65.Kb4 Rb1+ 66.Kc5 Kf6 67.Rg6+ Kf7 68.a6 Ra1 69.Kb6 Rb1+ 70.Kc7 Rb5 71.a7 Rxh5
72.Ra6 Rc5+ 73.Kd6  1-0

[Event "4th London Classic Open"]
[Site "London ENG"]
[Date "2012.12.06"]
[Round "6"]
[White "Black,Ri"]
[Black "Hanley,C"]
[Result "0-1"]
[WhiteElo "2227"]
[BlackElo "2412"]

1.e4 c5 2.Nf3 d6 3.d4 cxd4 4.Nxd4 Nf6 5.Nc3 a6 6.f3 e5 7.Nb3 Be6 8.Be3 h5
9.Nd5 Bxd5 10.exd5 Nbd7 11.c4 g6 12.Qd2 b6 13.Be2 a5 14.O-O Nc5 15.Nxc5 bxc5
16.f4 exf4 17.Bxf4 Be7 18.Bd3 O-O 19.Bh6 Ng4 20.Bxf8 Bxf8 21.Qf4 Ra7 22.Rae1 Bg7
23.g3 Bxb2 24.h3 Ne5 25.Be2 Rb7 26.Rb1 a4 27.Kg2 a3 28.g4 h4 29.Qf6 Re7 30.Qf4 Nd7
31.Bd3 Qe8 32.Qd2 Re3 33.Rf3 Re7 34.Rff1 Ne5 35.Rbe1 Qa4 36.Qg5 Re8 37.Qxh4 Nxd3
38.Rxe8+ Qxe8 39.Qg3 Qe2+  0-1

[Event "4th London Classic Open"]
[Site "London ENG"]
[Date "2012.12.08"]
[Round "8"]
[White "Black,Ri"]
[Black "Eriksson,B1"]
[Result "0-1"]
[WhiteElo "2227"]
[BlackElo "2154"]

1.e4 c5 2.Nf3 d6 3.d4 cxd4 4.Nxd4 Nf6 5.Nc3 a6 6.f3 e5 7.Nb3 Be6 8.Be3 b5
9.Qd2 Nbd7 10.g4 Nb6 11.g5 Nfd7 12.Nd5 Rc8 13.Na5 Nxd5 14.exd5 Bxd5 15.Qxd5 Qxa5+
16.c3 Qc7 17.a4 Nb6 18.Bxb6 Qxb6 19.axb5 Be7 20.bxa6 O-O 21.O-O-O Bxg5+ 22.Kb1 Rxc3
23.Bc4 Be3 24.Rhe1 Bc5 25.Re2 Qb4 26.Rc1 Rxc1+ 27.Kxc1 Bd4 28.Qb5 Qxb5 29.Bxb5 Rc8+
30.Rc2 Rxc2+ 31.Kxc2 Kf8 32.b4 Ke7 33.Kd3 d5 34.Bc6 Kd6 35.b5 Bb6 36.h3 g5
37.Bb7 f5 38.Bc8 e4+ 39.Ke2 Ke5 40.fxe4 dxe4 41.Bd7 f4 42.Bg4 f3+ 43.Bxf3 exf3+
44.Kxf3 Kf5 45.h4 g4+  0-1

[Event "4th Penang Heritage City Open"]
[Site "Penang MAS"]
[Date "2012.12.14"]
[Round "7.33"]
[White "Tan,Tze Lin Tommy"]
[Black "Tan,Jun Feng"]
[Result "0-1"]
[WhiteElo "1631"]
[BlackElo "1883"]

1.e4 c5 2.Nf3 d6 3.d4 cxd4 4.Nxd4 Nf6 5.Nc3 a6 6.f3 e5 7.Nb3 Be6 8.Be3 Nbd7
9.Qd2 b5 10.O-O-O Nb6 11.Bxb6 Qxb6 12.g4 Be7 13.h4 O-O 14.Kb1 d5 15.exd5 Nxd5
16.Nxd5 Bxd5 17.Rh3 Rfd8 18.Bd3 Bc4 19.Nc1 a5 20.Qg2 a4 21.Rg1 a3 22.Be4 axb2
23.Nb3 Ra7 24.c3 Bxb3  0-1

[Event "III ITT JAHV McGREGOR"]
[Site "Bogota COL"]
[Date "2012.12.15"]
[Round "7.52"]
[White "Pardo,Ja"]
[Black "Rios Parra,M"]
[Result "0-1"]
[WhiteElo "1953"]
[BlackElo "2295"]

1.e4 c5 2.Nf3 d6 3.d4 cxd4 4.Nxd4 Nf6 5.Nc3 a6 6.f3 e6 7.Be3 Nbd7 8.Qd2 b5
9.O-O-O Bb7 10.g4 Nb6 11.Kb1 Rc8 12.g5 Nfd7 13.b3 Qc7 14.Kb2 d5 15.Bd3 b4
16.Nce2 dxe4 17.Bxe4 Bxe4 18.fxe4 Nc5 19.Ng3 Nca4+ 20.Ka1 Nc3 21.Nxe6 fxe6
22.Bxb6 Qc6 23.Ba5 Nxd1 24.Rxd1 Be7 25.h4 O-O 26.Ne2 Qb5 27.Nd4 Qxa5 28.Nxe6 Qe5+  0-1

[Event "1st Korbach GM"]
[Site "Korbach GER"]
[Date "2012.12.16"]
[Round "11.5"]
[White "Vuckovic,Alek"]
[Black "Poetsch,H"]
[Result "1-0"]
[WhiteElo "2334"]
[BlackElo "2458"]

1.e4 c5 2.Nf3 d6 3.d4 cxd4 4.Nxd4 Nf6 5.Nc3 a6 6.f3 e5 7.Nb3 Be6 8.Be3 Be7
9.Nd5 Nxd5 10.exd5 Bf5 11.c4 Nd7 12.Be2 O-O 13.O-O Bg5 14.Qd2 Bxe3+ 15.Qxe3 a5
16.Rfc1 Bg6 17.Nd2 f5 18.b3 f4 19.Qf2 Nc5 20.a3 Qf6 21.Ra2 Ra6 22.Qe1 Rb6
23.b4 axb4 24.axb4 Ra6 25.Rxa6 Nxa6 26.Ne4 Bxe4 27.fxe4 f3 28.Bxf3 Qg5 29.h4 Qh6
30.Rc2 Rf4 31.h5 Qg5 32.Rf2 Rf8 33.Qc3 Re8 34.Rc2 Rf8 35.Rf2 Rc8 36.Be2 Qh4
37.c5 Nb8 38.Qf3 Qe7 39.Qh3 Rc7 40.cxd6 Qxd6 41.Bg4 h6 42.Be6+ Kh8 43.Qf5  1-0

[Event "Ptuj Open 2012"]
[Site "Ptuj SLO"]
[Date "2012.12.22"]
[Round "1.14"]
[White "Kovacec,Klemen"]
[Black "Podkriznik,A"]
[Result "0-1"]
[WhiteElo "1376"]
[BlackElo "1787"]

1.e4 c5 2.Nf3 d6 3.d4 cxd4 4.Nxd4 Nf6 5.Nc3 a6 6.f3 b5 7.Be3 Bb7 8.Qd2 e6
9.O-O-O Be7 10.g4 h6 11.h4 Nc6 12.Kb1 Qc7 13.Bg2 O-O-O 14.Qe2 Qa5 15.g5 hxg5
16.hxg5 Nh5 17.Qf2 Kc7 18.Bh3 Bc8 19.Rh2 b4 20.Nce2 Bxg5 21.Bg4 Bxe3 22.Qxe3 Nf6
23.Nxc6 Kxc6 24.Rg2 Qb6 25.Qb3 Kc7 26.Nd4 Bd7 27.Qc4+ Kb7 28.Nb3 a5 29.Rgd2 Bb5
30.Qd4 Qxd4 31.Rxd4 Be2 32.R1d2 Rh1+ 33.Nc1 Nxg4 34.fxg4 Bxg4 35.Rxd6 Rc8
36.e5 Bf5 37.Rg2 Rc5 38.Rd7+ Kc6 39.Rxf7 g6 40.Rd2 Rxe5 41.b3 Ree1  0-1